|
|
|
|
| LEADER |
00000nam0a2200000 4500 |
| 001 |
41741 |
| 005 |
20231031014642.0 |
| 035 |
|
|
|a (RuTPU)RU\TPU\book\42871
|
| 090 |
|
|
|a 41741
|
| 100 |
|
|
|a 20020701d2000 m y0rusy50 ca
|
| 101 |
0 |
|
|a rus
|
| 102 |
|
|
|a RU
|
| 105 |
|
|
|a a j 001zy
|
| 200 |
1 |
|
|a Метрологические основы поверки и калибровки средств электрических измерений
|e учебное пособие
|f Л. А. Романова
|g Академия стандартизации, метрологии и сертификации (учебная)
|
| 210 |
|
|
|a Москва
|c АСМС
|d 2000
|
| 215 |
|
|
|a 68 с.
|c ил.
|
| 320 |
|
|
|a Библиогр.: с. 65-66
|
| 610 |
1 |
|
|a электрические измерения
|
| 610 |
1 |
|
|a приборы
|
| 610 |
1 |
|
|a поверка
|
| 610 |
1 |
|
|a калибровка
|
| 610 |
1 |
|
|a метрологические основы
|
| 610 |
1 |
|
|a погрешности
|
| 610 |
1 |
|
|a точность
|
| 610 |
1 |
|
|a учебные пособия
|
| 675 |
|
|
|a 621.317.7.089.6(07)
|v 3
|
| 700 |
|
1 |
|a Романова
|b Л. А.
|g Людмила Александровна
|
| 712 |
0 |
2 |
|a Академия стандартизации, метрологии и сертификации (учебная)
|
| 801 |
|
1 |
|a RU
|b 63413507
|c 20020701
|g PSBO
|
| 801 |
|
2 |
|a RU
|b 63413507
|c 20100824
|g PSBO
|
| 942 |
|
|
|c BK
|